Electronic devices and circuits (Record no. 22846)
[ view plain ]
| 000 -LEADER | |
|---|---|
| fixed length control field | 00366nam a2200169Ia 4500 |
| 082 ## - DEWEY DECIMAL CLASSIFICATION NUMBER | |
| Classification number | 621.382 |
| Item number | SAL |
| 100 ## - MAIN ENTRY--PERSONAL NAME | |
| Personal name | Salivahanan/S |
| 250 ## - EDITION STATEMENT | |
| Edition statement | 3 |
| 245 ## - TITLE STATEMENT | |
| Title | Electronic devices and circuits |
| 260 ## - PUBLICATION, DISTRIBUTION, ETC. | |
| Name of publisher, distributor, etc. | Mc Graw Hill |
| Date of publication, distribution, etc. | 2012 |
| 366 ## - TRADE AVAILABILITY INFORMATION | |
| Publishers's discount category | 25 |
| 300 ## - PHYSICAL DESCRIPTION | |
| Extent | 1061 |
| 546 ## - LANGUAGE NOTE | |
| Language note | ENGLISH |
| -- | PAMPHALETS |
| 650 ## - SUBJECT ADDED ENTRY--TOPICAL TERM | |
| Topical term or geographic name entry element | Devices and circuits |
| 942 ## - ADDED ENTRY ELEMENTS (KOHA) | |
| Koha item type | BOOK |
| Withdrawn status | Lost status | Damaged status | Not for loan | Collection | Home library | Current library | Shelving location | Date acquired | Source of acquisition | Cost, normal purchase price | Inventory number | Total Checkouts | Full call number | Barcode | Date last seen | Cost, replacement price | Price effective from | Koha item type | Total Renewals | Date due | Date last checked out |
|---|---|---|---|---|---|---|---|---|---|---|---|---|---|---|---|---|---|---|---|---|---|
| CRC | Fr. Agnel's C.Rodrigues College of Engineering | AGNEL TECHNICAL COLLEGE LIBRARY | 17/03/2023 | Allied Publishers | 382.50 | 249 dt25.5.2016 | 1 | 621.381 SAL | 24208 | 04/03/2026 | 510.00 | BOOK | 1 | 14/03/2026 | 04/03/2026 | ||||||
| CRC | Fr. Agnel's C.Rodrigues College of Engineering | AGNEL TECHNICAL COLLEGE LIBRARY | 17/03/2023 | Allied Publishers | 382.50 | 249 dt25.5.2016 | 1 | 621.381 SAL | 24209 | 16/04/2025 | 510.00 | BOOK | 16/04/2025 | ||||||||
| CRC | Fr. Agnel's C.Rodrigues College of Engineering | AGNEL TECHNICAL COLLEGE LIBRARY | 17/03/2023 | Allied Publishers | 382.50 | 249 dt25.5.2016 | 1 | 621.381 SAL | 24210 | 21/08/2024 | 510.00 | BOOK | 1 | 07/08/2024 | |||||||
| CRC | Fr. Agnel's C.Rodrigues College of Engineering | Fr. Agnel's C.Rodrigues College of Engineering | 17/03/2023 | Allied Publishers | 382.50 | 264 dt 31.05.2016 | 621.382 SAL | 24183 | 17/03/2023 | 510.00 | BOOK | ||||||||||
| CRC | Fr. Agnel's C.Rodrigues College of Engineering | Fr. Agnel's C.Rodrigues College of Engineering | 17/03/2023 | Allied Publishers | 382.50 | 264 dt 31.05.2016 | 621.382 SAL | 24184 | 17/03/2023 | 510.00 | BOOK |